[Event "Punta del Este Alekhiine op 1st"]
[Site "Punta del Este"]
[Date "2024.03.09"]
[Round "3"]
[White "Garlati, Alessandro"]
[Black "Gatti, Santiago"]
[Result "0-1"]
[WhiteElo "1565"]
[BlackElo "1806"]
[PlyCount "73"]
[EventDate "2024.03.08"]
[EventType "swiss"]
[EventRounds "5"]
[EventCountry "URU"]
[SourceTitle "CB13_2024"]
[SourceDate "2024.03.27"]
[SourceVersion "1"]
[SourceVersionDate "2024.03.27"]
[SourceQuality "1"]

1. e4 d5 2. exd5 Nf6 3. Nc3 Nxd5 4. Nxd5 Qxd5 5. Nf3 e5 6. b3 Qe4+ 7. Be2 Bd6 8. Bb2 Nc6 9. 0-0 0-0 10. Bd3 Qg4 11. Qe2 Bf5 12. Bxf5 Qxf5 13. d4 exd4 14. Nxd4 Nxd4 15. Bxd4 Qf4 16. g3 Qxd4 17. c4 Rfe8 18. Qf3 Qe4 19. Kg2 Qxf3+ 20. Kxf3 Re7 21. Rfe1 Rae8 22. Rxe7 Rxe7 23. Rd1 f6 24. Rd5 Re5 25. Rxe5 Bxe5 26. Ke4 Kf7 27. f4 Bc3 28. f5 Be5 29. b4 g6 30. a4 Bc3 31. b5 Ke7 32. fxg6 hxg6 33. g4 Kd6 34. h4 Kc5 35. h5 gxh5 36. gxh5 Kxc4 37. Kf5 0-1